000 01006cam a2200229 i 4500
999 _c7634
_d7634
003 OSt
005 20200317111405.0
008 160602s2017 enka b 001 0deng
020 _a9781472475305 (hardback : alk. paper)
082 0 0 _a720.922
_223
_bWOO
100 1 _aWoods, Mary N.,
_d1950-
_eauthor.
245 1 0 _aWomen architects in India :
_bhistories of practice in Mumbai and Delhi /
_cMary N. Woods.
300 _axiii, 221 pages :
_billustrations (chiefly color) ;
_c23 x 25 cm
504 _aIncludes bibliographical references (pages 211-215) and index.
505 0 _aDesigning for a post-independence India -- Building a practice in Indira Gandhi's India -- Practicing in a neoliberal and global India.
650 0 _aArchitectural practice
_zIndia
_zMumbai
_xHistory
_y20th century.
650 0 _aArchitectural practice
_zIndia
_zDelhi
_xHistory
_y20th century.
650 0 _aArchitecture
_zIndia
_zMumbai.
650 0 _aArchitecture
_zIndia
_zDelhi.
650 0 _aWomen architects
_zIndia.
942 _2ddc